| 000 | 01175cam a22003254a 4500 | ||
|---|---|---|---|
| 999 |
_c296 _d296 |
||
| 001 | 14830881 | ||
| 003 | OSt | ||
| 005 | 20260213020021.0 | ||
| 008 | 070427s2008 paua b 001 0 eng | ||
| 010 | _a 2007017928 | ||
| 020 | _a9780443067211 | ||
| 035 | _a(DNLM)101305800 | ||
| 040 |
_aDNLM/DLC _cDLC _dDLC |
||
| 042 | _apcc | ||
| 050 | 0 | 0 |
_aQM25 _b.G72 2008 |
| 060 | 1 | 0 |
_aQS 17 _bG784 2008 |
| 082 | 0 | 0 |
_aQS G79l 2008 _222 |
| 100 |
_aDrake, Richard L.[et...al] _913319 |
||
| 245 | 0 | 0 | _aGray's Atlas of Anatomy |
| 250 | _a1st ed. | ||
| 260 |
_aPhiladelphia; _bChurchill Livingstone, _cc2008. |
||
| 300 |
_axvi, 558 p. ; _bmostly col. ill. : _c28 cm. |
||
| 500 | _aCompanion to: Gray's anatomy for students / Richard L. Drake, Wayne Vogl, Adam W.M. Mitchell. 2005. | ||
| 504 | _aIncludes and index. | ||
| 505 | 0 | _aThe Body -- Back -- Thorax -- Abdomen -- Pelvis and perineum -- Lower limb -- Upper limb -- Head and neck. | |
| 650 | 0 |
_aAnatomy atlas _9152 |
|
| 906 |
_a7 _bcbc _corignew _d1 _eecip _f20 _gy-gencatlg |
||
| 942 |
_2z _cB_BANK _01 |
||